00331nam a2200109Ia 4500008004100000082002000041100002600061245002600087260003900113300000800152650006100160211119s9999||||xx |||||||||||||| ||und|| a894.812 bSAT-P aNandan, Satchidanadan 0aPadinjaran Kavithakal bMathrubhoomi BooksaKottayamc2006 a523 aLiteraturevmalayalam literatureGeneraliaxGeneral Stack